Geology Today Understanding Our Planet /

Na minha lista:
Detalhes bibliográficos
Autor principal: Murck Barbara W.
Outros Autores: Skinner Brian J.
Formato: Livro
Idioma:Vietnamese
Publicado em: American : John Wiley & Sons , 1999
Assuntos:
Tags: Adicionar Tag
Sem tags, seja o primeiro a adicionar uma tag!
Thư viện lưu trữ: Thư viện Trường CĐ Kỹ Thuật Cao Thắng
LEADER 00677nam a2200205 a 4500
001 TVCDKTCT6586
003 Thư viện trường Cao đẳng Kỹ thuật Cao Thắng
005 20070406000000
008 070406
980 \ \ |a Thư viện Trường CĐ Kỹ Thuật Cao Thắng 
024 |a RG_1 #1 eb0 i1 
020 # # |a 0-471-17903-5 
041 0 # |a vie 
082 # # |a 551.01 /   |b G205L - b 
100 1 # |a Murck Barbara W. 
245 0 0 |a Geology Today Understanding Our Planet /  |c Murck Barbara W., Skinner Brian J. 
260 # # |a American :  |b John Wiley & Sons ,  |c 1999 
300 # # |a 190tr. ;  |c 28cm. 
650 # 4 |a Địa chất học - lý thuyết 
700 0 # |a Skinner Brian J.